Automatický systém detekcie požiaru s využitím Edge Computing diplomová práca

Gespeichert in:
Bibliographische Detailangaben
1. Verfasser: Novak, Stefan Otto, 2001-
Körperschaft: Fakulta hospodárskej informatiky EU. Katedra aplikovanej informatiky
Weitere Verfasser: Procházka, Peter, 1968-
Format: Buch
Sprache:Slowakisch
Veröffentlicht: Bratislava 2025
Tags: Tag hinzufügen
Keine Tags, Fügen Sie das erste Tag hinzu!

MARC

LEADER 00000nbm a2200000 4500
001 0310529
005 20260218132754.1
041 0 |a slo 
044 |a SK 
245 1 0 |a Automatický systém detekcie požiaru s využitím Edge Computing  |b diplomová práca  |c Stefan Otto Novak ; školiteľ: Peter Procházka 
264 1 |a Bratislava  |c 2025 
300 |a 53 s. 
100 1 |a Novak, Stefan Otto, 2001- 
700 1 |a Procházka, Peter, 1968- 
710 2 |a Fakulta hospodárskej informatiky EU. Katedra aplikovanej informatiky